000 00993nam a22002777a 4500
005 2011080406576.0
008 090728t xxu||||| |||| 00| 0 pun d
010 _aPUN-6941
020 _c150.00
_a9788179144091
035 _aPN-6059
037 _bDBAD / PUB
040 _adpl
_bpn
082 _a851
100 _924414
_aਜੋਗਿੰਦਰ ਸਿੰਘ
245 _aਗੀਤਾਂ ਦੀ ਫੁਲਵਾਡ਼ੀ /
_cਜੋਗਿੰਦਰ ਸਿੰਘ
246 _aGeetan di phulwari
_bby Joginder Singh
260 _aChandigarh
_bTarlochan Publishers
_c2011
270 _a3236, Sector-15-D,
_bChandigarh
_k0172-4613236
300 4 _a120 ਸਫੇ
_c22ਸੇਮੀ (ਸਜਿਲੱਦ)
600 _931401
650 _924412
650 _924431
700 _931690
942 _2ddc
_cPN
_h851
_mਜੋਗਿੰਦ
999 _c55092
_d55092